00422nam a22001457a 4500003000500000005001700005008004100022020001800063040000600081082001900087100001600106245010400122260003400226300001600260CEME20210628205241.0210223b xxu||||| |||| 00| 0 eng d a81-203-0868-9 c. a621.3192 KOS'N aKoska, Bart aNeural networks and fuzzy system a dynamical system approach to machine itelligence - with dislette aNEWDELHIbPRENTICE HALLc1997 aXXVII, 449P